Saltar al contenido
Inicio
Centros participantes
Catálogo
Servicios
Contacto
כניסה לחשבון
English
Deutsch
Español
Français
Italiano
日本語
Nederlands
Português
Português (Brasil)
中文(简体)
中文(繁體)
Türkçe
עברית
Gaeilge
Cymraeg
Ελληνικά
Català
Euskara
Русский
Čeština
Suomi
Svenska
polski
Dansk
slovenščina
اللغة العربية
বাংলা
Galego
Tiếng Việt
Hrvatski
हिंदी
Հայերէն
Українська
Sámegiella
שפה
כל השדות
כותר
מחבר
נושא
סימן המיקום
ISBN/ISSN
תג
מצא
מתקדם
Manual de política económica /...
יצירת מראה מקום
שלח את זה
הדפסה
יצוא רשומה
יצוא אל RefWorks
יצוא אל EndNoteWeb
יצוא אל EndNote
הוספה למועדפים
Enlace Permanente
Agregar primera valuación
Manual de política económica /
שמור ב:
מידע ביבליוגרפי
מחבר ראשי:
Forte, Francesco
מחברים אחרים:
Sanchis Goméz, Enrique trad
פורמט:
Texto
יצא לאור:
Barcelona:
Oikos-tau
תגים:
הוספת תג
אין תגיות, היה/י הראשונ/ה לתייג את הרשומה!
מלאי ספרים
תיאור
הערות
פריטים דומים
תצוגת צוות
MARC
LEADER
00000 a a2200000 04500
001
22593
003
040
020
|a
84-281-0427-1
090
|a
154800
100
|a
Forte, Francesco
245
|a
Manual de política económica /
|c
Francesco Forte
260
|a
Barcelona:
|b
Oikos-tau
300
|a
342 p.; vol. 1-4
700
|a
Sanchis Goméz, Enrique
|a
trad.
999
|c
14288
|d
14288
פריטים דומים
Derechos humanos y política mundial
מאת: Forsythe, David
Estudios especializados de derechos humanos /
מאת: Alvarez, José E.
Peregrinos en su propia tierra: quince años de religión en América
מאת: Marty, Martin E.
Rural development and the state: contradictions dilemas in developing countries /
מאת: Lea David A. M.
La brecha comercial y la integración latinoamericana